Fast Neighbor Discovery for mmWave Directional Device-to-Device Communication Using Polya Necklaces / (Record no. 533164)
[ view plain ]
| 000 -LEADER | |
|---|---|
| fixed length control field | 00610nam a22001697a 4500 |
| 020 ## - INTERNATIONAL STANDARD BOOK NUMBER | |
| Qualifying information | Hard Cover. |
| 082 ## - DEWEY DECIMAL CLASSIFICATION NUMBER | |
| Classification number | 621.3 |
| 100 ## - MAIN ENTRY--PERSONAL NAME | |
| Personal name | Riaz, Amjad |
| 245 ## - TITLE STATEMENT | |
| Title | Fast Neighbor Discovery for mmWave Directional Device-to-Device Communication Using Polya Necklaces / |
| Statement of responsibility, etc. | Amjad Riaz. |
| 260 ## - PUBLICATION, DISTRIBUTION, ETC. | |
| Place of publication, distribution, etc. | Islamabad: |
| Name of publisher, distributor, etc. | SEECS - NUST, |
| Date of publication, distribution, etc. | 2018. |
| 300 ## - PHYSICAL DESCRIPTION | |
| Extent | 43 p. : |
| Other physical details | ill. ; |
| Dimensions | 30cm. |
| Accompanying material | +CD |
| 650 ## - SUBJECT ADDED ENTRY--TOPICAL TERM | |
| Topical term or geographic name entry element | Electrical Engineering MS-Thesis. |
| 700 ## - ADDED ENTRY--PERSONAL NAME | |
| Personal name | Dr. Sajid Saleem |
| 856 ## - Uniform Resource Identifier | |
| Uniform Resource Identifier | <a href="http://10.250.8.41:8080/xmlui/handle/123456789/17811">http://10.250.8.41:8080/xmlui/handle/123456789/17811</a> |
| 942 ## - ADDED ENTRY ELEMENTS (KOHA) | |
| Source of classification or shelving scheme | |
| Koha item type | Thesis |
| 650 ## - SUBJECT ADDED ENTRY--TOPICAL TERM | |
| -- | 16073 |
| 700 ## - ADDED ENTRY--PERSONAL NAME | |
| -- | 19765 |
| Withdrawn status | Lost status | Source of classification or shelving scheme | Damaged status | Not for loan | Permanent Location | Current Location | Shelving location | Date acquired | Full call number | Barcode | Date last seen | Price effective from | Non-public note | Koha item type |
|---|---|---|---|---|---|---|---|---|---|---|---|---|---|---|
| Central Library (CL) | Central Library (CL) | Thesis | 12/13/2019 | 621.3 | CL-T-4224 | 12/13/2019 | 12/13/2019 | Minute Sheet No. 0929/02/CL/Survey/5 dated 23rd April 2024 E-MIN ID 114741 | Thesis |
